| 000 | 00451 a2200181 4500 | ||
|---|---|---|---|
| 001 | 142245 | ||
| 040 | _cLeonardo Da Vinci | ||
| 041 | _aPortuguês | ||
| 082 |
_a299.56 I27a _bI27a |
||
| 100 | _aIGREJA Messiânica Mundial | ||
| 245 | _aAlicerce do paraíso | ||
| 250 | _av.5 | ||
| 260 |
_bFundação Mokiti Okada MOA _c1985 _aSão Paulo |
||
| 300 | _a159 | ||
| 362 | _a19850000 | ||
| 697 |
_aIgreja Messiânica Mundial _aReligião |
||
| 942 | _cBK | ||
| 999 |
_c142245 _d142245 |
||